000 00295nam a22001217a 4500
008 160520b xxu||||| |||| 00| 0 eng d
020 _a9780781777766
020 _a0781777763
041 _aeng
080 _a618.2
245 _aMaternal child health nursing:
_cAdele Pillitteri;
942 _2udc
_cBK
999 _c2326
_d2326